LEADER 01011naa a2200241 u 4500 001 000000096767 003 CaOOAMICUS 005 20070226130147.0 008 050110s1994 enk u000 u fre u 020 $a0860784150 035 $a11021082 040 $aIAR$bita 100 1 $aGaudemet, Jean,$d1908-2001.$0(OLS)http://pul/name/414 245 13$aLe deuxième concile de Nicée (787) dans les Collections canoniques occidentales /$cJean Gaudemet. 260 $aAldershot :$bVariorum,$c1994. 300 $a[11] S., ;$c23 cm 611 24$aConcilium Nicaenum$n(2 :$d787).$0(OLS)http://pul/subject/2453 773 0 $aLa doctrine canonique médiéval. 773 0 $tCollected studies$gCS435 773 0 $aGaudemet, Jean.$tLa doctrine canonique médiévale$w()400 996 $6020$a0860784150$9(OLS)http://pul/number/463 996 $6245$aLe deuxième concile de Nicée (787) dans les Collections canoniques occidentales$9(OLS)http://pul/title/123649 996 $6260$aAldershot :$bVariorum$9(OLS)http://pul/publisher/48078 LEADER 01389nam a2200325 u 4500 001 000000063430 003 CaOOAMICUS 005 20070226121238.0 008 011025r19701879nyu u000 u eng u 020 $a0404005209 (set) 020 $a0404005225 (v.2) 035 $a10907861 040 $aPUL(R)$bita 100 1 $aBaird, Henry M.$0(OLS)http://pul/name/43027 245 10$aHistory of the rise od the Huguenots of France /$cby Henry M. Baird. 260 $aNew York :$bAMS Press,$c1970. 300 $a2 v. ;$c22 cm 500 $a"Reprint from the edition of 1879, New York". 504 $aBibliografia in nota. 651 4$aFrancia$xStoria$ySec. XVI.$0(OLS)http://pul/subject/22708 850 $aPUL 852 $aPUL$W1$xSL Religione 1$y3$m75 A 36-37$j82327$nBK-PRI$b $qStampati$B82327$CPULBib$Z2$F82327 $H $81 852 $aPUL$W1$xSL Religione 1$y3$m75 A 36-37$j82327$nBK-PRI$b $qStampati$B82328$CPULBib$Z2$F82328 $H $81 941 1 $a8 961 $aINV: 59676 - 59677 961 $aINV: 59676 - 59677 996 $6020$a0404005209 (set)$9(OLS)http://pul/number/82304 996 $6020$a0404005225 (v.2)$9(OLS)http://pul/number/82305 996 $6245$aHistory of the rise od the Huguenots of France$9(OLS)http://pul/title/84575 996 $6260$aNew York :$bAMS Press$9(OLS)http://pul/publisher/70620